000 00655nam a2200205 i 4500
001 bg
100 1 _aGOLEC, Kazimierz
245 0 _aPaliwa i oleje silnikowe /
_cKazimierz Golec, Zbigniew Stępień ; Politechnika Krakowska im. Tadeusza Kościuszki.
260 _aKraków :
_bPK,
_c1993.
300 _a215 s. :
_brys., wykr. ;
_c24 cm.
504 _aBibliogr. s. 213-215.
521 _aSkrypt dla studentów wyższych szkół technicznych.
700 1 _aSTĘPIEŃ, Zbigniew
710 _aPOLITECHNIKA KRAKOWSKA (Kraków)
040 _cBPK
041 _apol
080 _a665.6/.7(075.80
942 _cKS
008 s pl f |000 0 pol
999 _c6528
_d6528
856 _uhttp://koha.tu.koszalin.pl/cgi-bin/koha/opac-detail.pl?biblionumber=6528
_yKatalog online BPK